000 01012nam a2200277 4500
001 0000017613
003 CO-CtgCURN
005 20250513233217.0
007 ta
008 160627s1999 000 0 eng d
020 _a9586760677
040 _aCO-CtgCURN
_bspa
_ccoctgcurn
082 0 _a346.015
_bV45p
100 1 _aVillamil Portilla, Edgardo.
245 1 0 _aProtección familiar :
_bvision constitucional 1999 /
_cEdgardo Villamil Portilla.
260 _aBogotá :
_bEdiciones Doctrina y Ley,
_c1999.
300 _axviii, 531 p.
336 _2rdacontent
337 _2rdamedia
_asin mediacion
_bn
338 _2rdacarrier
_avolumen
_bnc
505 8 _aEtiología de la violencia al interior de la familia.--Naturaleza juridica de la conducta.--Acción de protección contra la violencia familiar.--Informalidad de la prueba
650 1 4 _aDerecho de familia.
908 _a160627
942 _cBK
_h346.015
_iV45p
_2ddc
_n0
999 _c20060
_d20060